000 00483nam a2200181Ia 4500
005 20250508161026.0
008 008 250505s9999 xx 000 0 eng d
037 _aTextual
040 _aFEDL
_beng
_cFEDL
041 _aeng
_2eng
084 _a371.425, PAR
_qFEDL
100 _aParmaji S
245 0 _aEducation and jobs
260 _aDelhi, India
_bLeeladevi Publications
_c1979
300 _a118p.
942 _cTEXL
_h371.425, PAR
999 _c1367998
_d1367998